| 000 | 01543cam a2200445 a 4500 | ||
|---|---|---|---|
| 001 | 21181 | ||
| 003 | VRT | ||
| 005 | 20260223155802.0 | ||
| 008 | 230403s1953 xo g 000 p slo | ||
| 015 | _aSNBA19451955-002528 | ||
| 035 | _aSK01SNKBKSFS20010062417 | ||
| 035 | _aurn:nbn:sk:snk-am3i4ul | ||
| 035 | _aE0F43B17-7615-49E8-9925-73247AEA6626 | ||
| 035 | _aurn:nbn:sk:snk-am00dk4x | ||
| 035 | _aSKM000064880 | ||
| 039 | 9 |
_a202304032042 _bVLOAD _c202212050953 _dVLOAD _c202205110901 _dVLOAD _c202106231910 _dVLOAD |
|
| 040 |
_aSNK _bslo _cSNK _eAACR2 |
||
| 041 | 0 | _aslo | |
| 044 |
_axo _cSK |
||
| 080 |
_a885.4-1 _21981 |
||
| 100 | 1 |
_aFabry, Rudolf, _d1915-1982 _4aut |
|
| 245 | 1 | 0 |
_aKytice tomuto životu _cRudolf Fabry |
| 260 |
_aBratislava _bSlovenský spisovateľ _c1953 _eBratislava _fGraf. tlač. |
||
| 300 |
_a146, [4] s. _c21 cm |
||
| 490 | 1 |
_aPôvodná tvorba _vsv. 28 |
|
| 500 | _aFrontispice: D. Milly | ||
| 655 | 7 |
_aslovenská poézia _2SNKPH |
|
| 700 | 1 |
_aMilly, Dezider, _d1906-1971 _4ill |
|
| 830 | 0 | _aPôvodná tvorba | |
| 910 | _asnk | ||
| 942 |
_2ddc _cKLDO _n0 |
||
| 949 |
_62889055941 _asavukA 3198 |
||
| 949 | _asnklmMK 3856 | ||
| 949 |
_6273K0431724 _asvkpoA 46473 _bsvkpo107368 |
||
| 949 |
_617A0757744 _asnkSC 4470/28 _bsnk1052/53 _oVIII.1825/53 - ev. č. _s6100:20190110 |
||
| 949 |
_617A0445338 _9P60, <04>, [BOOK], {604} _asnkSC 4470/28 D1 _bsnkF 1821/74 |
||
| 949 |
_63830001019765 _akurukT18/FABR1-3 _bkuruk2008/F4152 |
||
| 949 |
_60133056603 _asnmk _bsnmk56603 |
||
| 999 |
_c21181 _d21181 |
||